| 000 | 00544pam a2200169 a 4500 | ||
|---|---|---|---|
| 020 | _a0875185525 | ||
| 040 | _cDLC | ||
| 082 | 0 | 0 | _a959 DIL 1993 A104 Or. |
| 100 | 1 | _aSiy, Alexandra. | |
| 245 | 1 | 4 |
_aThe Penan : _bpeople of the Borneo jungle / |
| 250 | _a1st ed. | ||
| 260 |
_aNew York : _bDillon Press ; _aToronto : _bMaxwell Macmillan Canada ; _aNew York : _bMaxwell Macmillan International, _cc1993. |
||
| 300 |
_a72 p. : _bcol. ill., maps (some col.) ; _c25 cm. |
||
| 490 | 1 | _aGlobal villages | |
| 650 | 0 | _aPenan (Bornean people) | |
| 942 | _cEK | ||
| 999 |
_c14553 _d14553 |
||